00000000nam 2200000zi 4500
0019.947473
003CaOODSP
00520250128150922
006m     o  d f      
007cr mn|||||||||
008250128e199201  onc     o    f000 0 fre d
020 |z0662977327
040 |aCaOODSP|bfre|erda|cCaOODSP
043 |an-cn---
0861 |aZ1-1989/1-41-12F-PDF|zZ1-1989/1-41-12F
24500|aAnalyse des propositions sur le réseau routier national : |brapport final / |cpréparé par : ADI Limited.
264 1|a[Ottawa] : |b[Commission royale sur le transport des voyageurs au Canada], |cjanvier 1992.
264 4|c©1992
300 |a1 ressource en ligne (1 volume (en pagination multiple))
336 |atexte|btxt|2rdacontent/fre
337 |ainformatique|bc|2rdamedia/fre
338 |aressource en ligne|bcr|2rdacarrier/fre
500 |aPublié aussi en anglais sous le titre : Analysis of national highway system proposals : final report.
500 |a« Rapport rédigé pour la Division de la recherche, Commission royale sur le transport des voyageurs au Canada. »
500 |a« RR-12. »
500 |a« Projet n° 3207-1. »
500 |aÉdition numérisée de l'imprimée [par Direction des publications du gouvernement du Canada].
650 6|aRoutes|zCanada|xConception et construction.
650 6|aRoutes|zCanada|xEntretien et réparations.
650 6|aRoutes|xPlanification|zCanada.
7101 |aCanada. |bCommission royale sur le transport des voyageurs au Canada. |bDivision de la recherche, |eorganisme de publication.
7102 |aADI Limited, |econsultant.
77508|tAnalysis of national highway system proposals : |w(CaOODSP)9.947470
85640|qPDF|s3.63 Mo|uhttps://publications.gc.ca/collections/collection_2025/bcp-pco/Z1-1989-1-41-12-fra.pdf